| 000 | 00874nam a22002417a 4500 | ||
|---|---|---|---|
| 005 | 20240530110921.0 | ||
| 008 | 220221s2008 ua a g b 000 0 ara d | ||
| 017 | _a2008/21887 | ||
| 020 | _a977130383x | ||
| 040 |
_aEG-CaGPL _cEG-CaGPL |
||
| 082 | 0 | 4 |
_221 _a341.773 \ _bأ م |
| 100 | 0 | _aاحمد فتحى سرور | |
| 245 | 1 | 2 |
_aالمواجهة القانونية للارهاب / _cاحمد فتحى سرور |
| 250 | _aط.2 | ||
| 260 |
_aالقاهرة : _bمركز الاهرام للنشر والترجمة والتوزيع، _c2008 |
||
| 300 |
_a467 ص؛ _c24 سم |
||
| 650 | 0 | 7 |
_aالارهاب _2qrmak |
| 650 | 0 | 7 |
_2qrmak _aالارهاب _xقوانين وتشريعات |
| 650 | 0 | 7 |
_aالارهاب الدولى _xمكافحة |
| 650 | 0 | 7 |
_2qrmak _aالجرائم السياسية |
| 942 |
_2ddc _cBK |
||
| 999 |
_c66485 _d66485 |
||